| 000 | 01566cam a22004097a 4500 | ||
|---|---|---|---|
| 003 | CHAP | ||
| 005 | 20240517091651.0 | ||
| 008 | 040909s2003 mx r 00010 spa d | ||
| 010 | _a88809 | ||
| 011 | _a89781 | ||
| 035 | _a100332 | ||
| 040 | _cCHAP | ||
| 082 | 0 | 4 |
_a658.312404 _bS6 |
| 100 | 0 | 0 |
_aSouza, Roger-Mark de. _9109008 |
| 245 | 1 | 0 |
_aPuntos de partida para desarrollar un programa de capacitación _c/por Roger-Mark de Souza |
| 260 |
_aWashington, D.C. : _bPopulation Reference Bureau, _c2003 |
||
| 300 | _a124 p. + 1 disco compacto de 4 3/4 plgs. | ||
| 410 | 0 | 0 | _aPopulation Reference Bureau |
| 490 | 0 |
_aSerie de materiales de capacitación para la integración de los temas de población, salud y medio ambiente _v; manual 1 |
|
| 590 |
_aBATCH-UPD _b10 _c20130110 |
||
| 590 |
_aBATCH-UPD _b10 _c20130410 |
||
| 590 |
_aBATCH-UPD _b10 _c20130914 |
||
| 590 |
_aCONVERSION _b10 _c20130109 |
||
| 650 | 0 | 4 |
_aCapacitación. _918690 |
| 650 | 0 | 4 |
_aMedio ambiente. _974065 |
| 650 | 0 | 4 |
_aPoblación. _989360 |
| 650 | 0 | 4 |
_aPolítica demográfica. _990485 |
| 650 | 0 | 4 |
_aProyectos _xEvaluación. _992525 |
| 650 | 0 | 4 |
_aSalud. _9101807 |
| 810 | 0 | 0 |
_aPopulation Reference Bureau _990914 |
| 830 | 0 | 0 |
_aSerie de materiales de capacitación para la integración de los temas de población, salud y medio ambiente _v; manual 1 _9104766 |
| 901 | _aBK | ||
| 905 | _aAlejandra Carrasco M. | ||
| 942 |
_cCD _2ddc |
||
| 949 |
_a658.312404 S6Y _bBC _cCD _d33724002027322 _eCD _fCD _i100332 _sb |
||
| 949 |
_a658.312404 S6Y _bBC _cLIBRO _d33724000796660 _eLIBRO _h42576 _i100332 _sb |
||
| 999 |
_c88809 _d88809 |
||